Pathologie mal décrite - Statistiques

Statistiques générales
  • Ce quiz a été pris 210 fois
  • Le résultat moyen est 9 sur 13
Statistiques - réponses
Hint Réponse % Correct
Le patient a mangé trop de sucre Diabète
97%
Le patient est toujours triste Dépression
94%
Le patient oublie tout Maladie d'Alzheimer
77%
Le patient commence a avoir des comportements bizarre, sa bouche part de travers, il dit des mots qui n'ont pas de rapports. AVC
76%
Le patient change tout le temps d'humeur, il est triste puis heureux Bipolaire
73%
Le patient tremble des mains quotidiennement Maladie Parkinson
73%
Le patient a du mal à respirer, quand il fait un effort physique ou autre. Asthme
72%
Le patient n'a plus de cheveux Cancer
68%
Le patient entend des voix Schizophrénie
62%
Le patient a mal aux articulations et certains patient ont les articulations déformés Arthrose
60%
Le patient attrape une bactérie Infection
55%
Le patient se met à trembler de manière excessive Epilepsie
44%
Le patient a une tension très élevé Hypertension artérielle
40%
Aucun quiz correspondant
Distribution des résultats
% des personnes avec chaque résultat
Percentile par nombre de réponses
Votre historique - résultats
Vous n’avez pas pris ce quiz